000 00435nam a2200181Ia 4500
001 493
005 20260306140522.0
008 260306t1998||||xx |||||||||||||| ||spa||
041 _aESP
082 _a121
_bR27
100 _aRatzinger, Joseph
_eAUT
245 0 _aVerdad, valores, poder :
_bpiedras de toque de la sociedad pluralista
260 _c1998
300 _a
_c
650 _aGEN
654 _aCHU
942 _cLIB
_dJUS
_fJUS
_2ddc
_n
999 _c493
_d493